000 00808nam a22001937a 4500
005 20180115110245.0
010 _aUR-10021
020 _c250.00
_a-
035 _aU-8576
037 _bDBAD/PUB
100 _aمحمد نصیر ا لد ین منشا و ی
245 _a سمند ر کی گو د میں
_cمحمد نصیر ا لد ین منشا و ی
246 _bSamandar Ki Goad Mein
_aby Mohd. Naseeruddin Minshavi
260 _aHaiderabad
_bSharfia Tajveed wa Qiryat,Hifz Acedemy & Educational Institute
_c2015
270 _aNear Masjid Noor,Qadeem Mulk Peeth,
_bHyderabad
_e500036
_k9393072196
_l-
300 _a113 ص
_c22 Cm.(B.b)
500 _aدو حصہ
942 _2ddc
_cUR
_h270.91
_mم ح م
999 _c149219
_d149219